[Event "Cologne Longerich op 8th"]
[Site "Cologne"]
[Date "2011.08.14"]
[Round "5"]
[White "Juergens, Oliver"]
[Black "Lecomte, Romain"]
[Result "1/2-1/2"]
[WhiteElo "1606"]
[BlackElo "1789"]
[PlyCount "112"]
[EventDate "2011.08.12"]
[EventType "swiss"]
[EventRounds "5"]
[EventCountry "GER"]
[SourceTitle "EXT 2017"]
[Source "ChessBase"]
[SourceDate "2016.10.25"]
[SourceVersion "1"]
[SourceVersionDate "2016.10.25"]
[SourceQuality "1"]

1. d4 d6 2. c4 e5 3. dxe5 dxe5 4. Qxd8+ Kxd8 5. Nc3 c6 6. Nf3 f6 7. Bd2 Be6 8. e3 Nd7 9. Rd1 Kc7 10. a3 Nh6 11. Be2 Nc5 12. e4 Nf7 13. b4 Nd7 14. 0-0 Nd6 15. c5 Nc4 16. Bc1 b6 17. cxb6+ axb6 18. Bxc4 Bxc4 19. Rfe1 Be7 20. Bb2 Rhd8 21. Rd2 Bb3 22. Rb1 Nf8 23. Rxd8 Rxd8 24. Ba1 Bc4 25. Rd1 Rxd1+ 26. Nxd1 Ne6 27. Nd2 Bd3 28. Ne3 g6 29. Ng4 Nd4 30. Bb2 Nc2 31. f3 h5 32. Nf2 Be2 33. Nb3 Bc4 34. Nd2 Bb5 35. Nd1 Bd6 36. Nc3 Bd3 37. Nb3 f5 38. exf5 gxf5 39. Kf2 Kd7 40. h3 Ke6 41. Na4 Bc7 42. Nc3 h4 43. Bc1 e4 44. fxe4 fxe4 45. Ne2 Bc4 46. Nbd4+ Nxd4 47. Nxd4+ Kd7 48. Nf5 Bd8 49. Bb2 c5 50. Ne3 Bd3 51. bxc5 bxc5 52. g3 hxg3+ 53. Kxg3 c4 54. Bc3 Bb6 55. Kf4 Ke6 56. Nxc4 Bxc4 1/2-1/2

[Event "Cologne Longerich op 8th"]
[Site "Cologne"]
[Date "2011.08.14"]
[Round "4"]
[White "Sewald, Kathrin"]
[Black "Juergens, Oliver"]
[Result "0-1"]
[WhiteElo "847"]
[BlackElo "1606"]
[PlyCount "72"]
[EventDate "2011.08.12"]
[EventType "swiss"]
[EventRounds "5"]
[EventCountry "GER"]
[SourceTitle "EXT 2017"]
[Source "ChessBase"]
[SourceDate "2016.10.25"]
[SourceVersion "1"]
[SourceVersionDate "2016.10.25"]
[SourceQuality "1"]

1. e4 c6 2. d4 d5 3. exd5 cxd5 4. Nf3 Nc6 5. Bb5 Qb6 6. Nc3 e6 7. 0-0 Bd7 8. a4 Bd6 9. Be3 Nf6 10. Ne5 a6 11. Bd3 Qc7 12. f4 Qb6 13. Re1 Qxb2 14. Bd2 Qb6 15. Be3 Qc7 16. a5 Nb4 17. Qd2 Rc8 18. Nd1 Nxd3 19. Nxd3 Qxc2 20. Qxc2 Rxc2 21. Nc5 Bxc5 22. dxc5 0-0 23. Bd4 Ne4 24. Ne3 Rd2 25. Be5 Rc8 26. Nf1 Rc2 27. Bd4 Nxc5 28. Ne3 Rd2 29. Bc3 Rd3 30. Rac1 Ne4 31. Bb2 Rxc1 32. Bxc1 h6 33. Re2 Rb3 34. Ng4 Rb1 35. Re1 f6 36. Rf1 Ra1 0-1

[Event "Cologne Longerich op 8th"]
[Site "Cologne"]
[Date "2011.08.13"]
[Round "2"]
[White "Huebben, Dominik"]
[Black "Juergens, Oliver"]
[Result "1/2-1/2"]
[WhiteElo "1779"]
[BlackElo "1606"]
[PlyCount "90"]
[EventDate "2011.08.12"]
[EventType "swiss"]
[EventRounds "5"]
[EventCountry "GER"]
[SourceTitle "EXT 2017"]
[Source "ChessBase"]
[SourceDate "2016.10.25"]
[SourceVersion "1"]
[SourceVersionDate "2016.10.25"]
[SourceQuality "1"]

1. d4 d5 2. c4 Nf6 3. cxd5 Qxd5 4. Nc3 Qa5 5. Nf3 Bf5 6. Qb3 Nbd7 7. Bd2 Qb6 8. Qb5 e6 9. Nh4 Be4 10. f3 Bc6 11. Qc4 Be7 12. g3 Nd5 13. Ng2 a6 14. e4 Nxc3 15. Qxc3 Nf6 16. Ne3 0-0 17. Nc4 Qa7 18. Be3 Qb8 19. Ne5 Bd7 20. Nxd7 Nxd7 21. Bc4 b5 22. Bb3 a5 23. 0-0 Nb6 24. Rac1 a4 25. Bd1 Nc4 26. Bf4 g5 27. Be3 Nxe3 28. Qxe3 Qb6 29. Be2 Rfd8 30. Rfd1 e5 31. Kg2 exd4 32. Qd3 Rab8 33. b3 axb3 34. axb3 c5 35. Rd2 b4 36. Ra2 Ra8 37. Rca1 Rxa2 38. Rxa2 Qb7 39. Qb5 Qxb5 40. Bxb5 Rb8 41. Bc4 Kf8 42. g4 Rb7 43. Bd5 Rc7 44. Bc4 Kg7 45. Bd3 h6 1/2-1/2